| 000 | 01536nam0a22003251 4500 | ||
|---|---|---|---|
| 001 | rc\2777027 | ||
| 005 | 20250810045811.0 | ||
| 035 | _a(NLR Aleph) 006903308 | ||
| 090 |
_a7270412 _c7270412 |
||
| 100 | _a20110915d1941 u y0rusy50 ca | ||
| 101 | 0 | _arus | |
| 102 | _aRU | ||
| 105 | _ay z ||||| | ||
| 200 | 1 |
_aФинансовый план и финансирование морского флота и портов _e[Лекция] _fСоставители: А. П. Вишневский, Ю. А. Золотухин, Я. Б. Канторович, Р. И. Мосенков _gПолит. упр. Нар. ком. мор. флота СССР |
|
| 210 |
_aМосква _cМор. транспорт _d1941 |
||
| 215 |
_a36 с. _d22 см. |
||
| 300 | _aНа обороте тит. л. указаны составители: А. П. Вишневский, Ю. А. Золотухин, Я. Б. Канторович и Р. И. Мосенков | ||
| 333 | _aНа правах рукописи | ||
| 702 | 1 |
_aКанторович _bЯ.Б. _4220 |
|
| 702 | 1 |
_aМосенков _bР.И. _4220 |
|
| 702 | 1 |
_aЗолотухин _bЮ.А. _4220 |
|
| 702 | 1 |
_aВишневский _bА.П. _gАнатолий Павлович _4220 |
|
| 712 | 0 | 1 |
_aСССР _bНародный ком. мор. флота _bПолитическое упр. |
| 801 | 0 |
_aRU _bNLR _gpsbo |
|
| 801 | 1 |
_aRU _bELAR _2rusmarc |
|
| 852 |
_aNLR _jЭ60 Г-6/2 |
||
| 942 | _cBOOK | ||
| 945 | _aРоссийская национальная библиотека | ||
| 980 | _aNB | ||
| 980 | _aBV | ||